日本の小さい市町村クイズ - Statistics

General Stats
  • This quiz has been taken 61 times
  • The average score is 7 of 20
Answer Stats
# 都道府県名 市町村名 % Correct
1 富山県 舟橋村
93%
8 埼玉県 蕨市
75%
6 鳥取県 日吉津村
64%
3 大阪府 忠岡町
59%
2 沖縄県 渡名喜村
57%
15 東京都 青ヶ島村
45%
4 奈良県 三宅町
43%
5 東京都 利島村
43%
11 大阪府 田尻町
43%
7 奈良県 安堵町
41%
20 東京都 狛江市
39%
14 奈良県 川西町
23%
10 岐阜県 北方町
20%
18 奈良県 上牧町
20%
9 沖縄県 与那原町
16%
17 三重県 朝日町
16%
13 和歌山県 太地町
14%
16 京都府 大山崎町
14%
12 福岡県 吉富町
5%
19 愛知県 豊山町
5%
No matching quizzes found
Score Distribution
Percent of People with Each Score
Percentile by Number Answered
Your Score History
You have not taken this quiz